[Event "World op 29th"]
[Site "Philadelphia"]
[Date "2001.07.05"]
[Round "2"]
[White "Solomon, Kenny"]
[Black "Delgado, Victor"]
[Result "1-0"]
[WhiteElo "2290"]
[BlackElo "2330"]
[PlyCount "127"]
[EventDate "2001.06.30"]
[EventType "swiss"]
[EventRounds "9"]
[EventCountry "USA"]
[SourceTitle "EXT 2002"]
[Source "ChessBase"]
[SourceDate "2001.11.25"]
[SourceVersion "1"]
[SourceVersionDate "2001.11.25"]
[SourceQuality "1"]

1. d4 Nf6 2. c4 g6 3. Nf3 Bg7 4. g3 0-0 5. Bg2 d6 6. 0-0 Nc6 7. Nc3 Bf5 8. Ne1 e5 9. d5 Ne7 10. e4 Bg4 11. f3 Bd7 12. Nd3 b6 13. Bg5 Ne8 14. Qd2 f6 15. Be3 f5 16. Bg5 Nf6 17. Rae1 Rf7 18. f4 Nxe4 19. Nxe4 fxe4 20. Bxe4 Bh3 21. Bg2 Bxg2 22. Qxg2 h6 23. Bxe7 Qxe7 24. Qe4 Kh7 25. h4 Bf6 26. fxe5 dxe5 27. Nxe5 Bxe5 28. Rxf7+ Qxf7 29. Qxe5 Rf8 30. Qe7 Kg7 31. Qxf7+ Rxf7 32. Kg2 h5 33. Re6 a5 34. b3 Kh7 35. Re8 Kg7 36. Re3 Kh7 37. Rf3 Rd7 38. Kf2 Kg7 39. Ke3 Re7+ 40. Kd2 Rd7 41. Kc3 Re7 42. Kd3 Re1 43. Re3 Rg1 44. a3 Kf6 45. Ke4 Rc1 46. a4 Rb1 47. d6 cxd6 48. Kd5 Rd1+ 49. Kc6 Kf5 50. Kxb6 d5 51. cxd5 Rxd5 52. b4 axb4 53. a5 Re5 54. Rb3 Kg4 55. a6 Re6+ 56. Ka5 Rf6 57. a7 Rf8 58. Kxb4 Ra8 59. Ra3 Rxa7 60. Rxa7 Kxg3 61. Kc3 Kxh4 62. Kd2 g5 63. Ke1 Kg3 64. Kf1 1-0

[Event "New York op"]
[Site "Newark"]
[Date "1995.??.??"]
[Round "?"]
[White "Delgado, Victor"]
[Black "Sevillano, Enrico"]
[Result "0-1"]
[WhiteElo "2370"]
[BlackElo "2440"]
[PlyCount "96"]
[EventDate "1995.04.12"]
[EventType "swiss"]
[EventRounds "9"]
[EventCountry "USA"]
[SourceTitle "EXT 2002"]
[Source "ChessBase"]
[SourceDate "2001.11.25"]
[SourceVersion "1"]
[SourceVersionDate "2001.11.25"]
[SourceQuality "1"]

1. e4 e6 2. d4 d5 3. Nd2 Nf6 4. e5 Nfd7 5. Bd3 c5 6. c3 Nc6 7. Ne2 cxd4 8. cxd4 f6 9. exf6 Nxf6 10. Nf3 Bd6 11. 0-0 0-0 12. Ng3 Qc7 13. Bd2 Bd7 14. Bc3 Rae8 15. Rc1 Qb8 16. Bb5 Ne7 17. Bxd7 Nxd7 18. Re1 Ng6 19. Ng5 Nf4 20. Bd2 Rf6 21. Rc3 Rg6 22. Bxf4 Bxf4 23. Nh3 Bh6 24. Qc2 Nb6 25. b3 Rf6 26. Rc7 Nc4 27. Rxc4 dxc4 28. bxc4 Bf4 29. Qe4 Ref8 30. Nf1 Qc8 31. c5 Bh6 32. Rb1 R6f7 33. Re1 Rd8 34. Ng3 Qd7 35. Rd1 Qa4 36. Re1 Qxa2 37. f4 Qd2 38. Qxe6 Qxd4+ 39. Kh1 Qxc5 40. Ne4 Qd5 41. Qg4 a5 42. Qf3 Qd3 43. Qg4 a4 44. Qe6 Qd5 45. Qg4 a3 46. Qf3 a2 47. g4 Qd3 48. Qg2 Qb1 0-1